000 00771nam a2200253 i 4500
001 C2-0280915
003 PPAK
005 20180728011713.0
008 070723s2000 xxca|||| ||||| | eng d
020 _a0531115666
040 _aPPAK
_beng
_cPPAK
_erda
082 0 4 _a577.0922
_223
090 0 0 _a577.0922
_bLEU
_dRLCK
100 1 _aLeuzzi,Linda,
_eauthor
245 1 0 _aLife Connections
_bpioneers in ecology
264 1 _aCanada :
_bGrolier ,
_c2000
300 _a127 pages :
_billustrations ;
_c24 cm
336 _2rdacontent
_atext
337 _2rdamedia
_aunmediated
338 _2rdacarrier
_avolume
500 _aIncludes bibliographical references [p. ] and index
650 1 0 _aEcologists Biography--Juvenile literature. [1. Ecologists. ]
942 _ddc
_cB
999 _c87379
_d87379